000 00685nac a22001811u 4500
008 100914t xxu||||| |||| 00| 0 eng d
020 _a8120309685
082 _a629.8
_bKUO
100 _aKuo ,Benjamin C.
_919108
245 _aAutomatic Control Systems./
_cBenjamin C.Kuo
250 _a7tn. ed.
260 _aNew Delhi:2003.
_bPrentice-Hall of India;
_cc.2003.
300 _a897, 8 p. :
_bill,
_c25cm.
504 _aIncludes Index.
650 _aFeedback control systems.
_919109
942 _cBB
_k629.8KUO
_2ddc
999 _c2842
_d2842